[Event "Montigny le Bretonneux op 25th"]
[Site "Montigny le Bretonneux"]
[Date "2023.05.21"]
[Round "9"]
[White "Abdallaoui, Mohamed Mehdi"]
[Black "Hedjazian, Farhad"]
[Result "1-0"]
[WhiteElo "1352"]
[BlackElo "1518"]
[PlyCount "57"]
[EventDate "2023.05.18"]
[EventType "swiss"]
[EventRounds "9"]
[EventCountry "FRA"]
[SourceTitle "CBM 214 Extra"]
[Source "ChessBase"]
[SourceDate "2023.07.31"]
[SourceVersion "1"]
[SourceVersionDate "2023.07.31"]
[SourceQuality "1"]

1. c4 e5 2. e3 Nf6 3. Nc3 c6 4. a3 d5 5. cxd5 cxd5 6. Bd3 Bd6 7. Nge2 Nc6 8. b3 0-0 9. Bb2 Be6 10. 0-0 e4 11. Bc2 Bxh2+ 12. Kh1 Bd6 13. Ng1 Ng4 14. Nce2 Qh4+ 15. Nh3 Nh2 16. Neg1 Bxh3 17. gxh3 Nf3 18. Kg2 Qg5+ 19. Kh1 Qf5 20. Qxf3 Qxf3+ 21. Nxf3 exf3 22. Rg1 Be5 23. Bxe5 Nxe5 24. d4 Ng6 25. Bf5 Ne7 26. Bg4 f5 27. Bxf3 f4 28. e4 dxe4 29. Bxe4 1-0

[Event "Montigny le Bretonneux op 25th"]
[Site "Montigny le Bretonneux"]
[Date "2023.05.20"]
[Round "5"]
[White "Hedjazian, Farhad"]
[Black "Robic, Raphael"]
[Result "1-0"]
[WhiteElo "1518"]
[BlackElo "1099"]
[PlyCount "83"]
[EventDate "2023.05.18"]
[EventType "swiss"]
[EventRounds "9"]
[EventCountry "FRA"]
[SourceTitle "CBM 214 Extra"]
[Source "ChessBase"]
[SourceDate "2023.07.31"]
[SourceVersion "1"]
[SourceVersionDate "2023.07.31"]
[SourceQuality "1"]

1. d4 d5 2. Nf3 Nc6 3. Bf4 Nf6 4. e3 a6 5. c4 e6 6. Nc3 Bb4 7. Bd3 dxc4 8. Bxc4 b5 9. Bd3 0-0 10. 0-0 Bxc3 11. bxc3 b4 12. Rc1 Bb7 13. Ne5 Nxe5 14. Bxe5 Qd5 15. f3 bxc3 16. Rxc3 Qxa2 17. Rxc7 Rab8 18. Rc2 Qd5 19. Bxb8 Rxb8 20. Qe2 e5 21. Rc5 Qd6 22. Rxe5 Nd7 23. Ra5 Qb6 24. Raa1 g5 25. Rfb1 Qc6 26. Be4 Qc7 27. Bxb7 Rxb7 28. Rxb7 Qxb7 29. Qxa6 Qb2 30. Qa2 Qc3 31. Qa3 Qd2 32. Qc1 Qe2 33. Qe1 Qd3 34. Rd1 Qc2 35. Qd2 Qb3 36. e4 Nb6 37. Ra1 Kg7 38. Qxg5+ Kf8 39. Qc5+ Kg7 40. Rc1 Na4 41. Qe5+ Kf8 42. Rc8# 1-0

[Event "Montigny le Bretonneux 1hKO 20th"]
[Site "Montigny le Bretonneux"]
[Date "2016.05.05"]
[Round "1.11"]
[White "Hedjazian, Farhad"]
[Black "Le Ny, Bernard"]
[Result "1-0"]
[WhiteElo "1657"]
[BlackElo "1345"]
[PlyCount "84"]
[EventDate "2016.05.05"]
[EventType "swiss"]
[EventRounds "7"]
[EventCountry "FRA"]
[SourceTitle "EXT 2024"]
[Source "ChessBase"]
[SourceDate "2023.10.10"]
[SourceVersion "1"]
[SourceVersionDate "2023.10.10"]
[SourceQuality "1"]

1. d4 d5 2. Nf3 Nf6 3. c4 c5 4. Nc3 cxd4 5. Nxd4 dxc4 6. e4 e5 7. Nf3 Qxd1+ 8. Kxd1 Bd6 9. Bxc4 0-0 10. Bg5 Nbd7 11. Ke2 b6 12. Rad1 Bb4 13. Bd5 Ba6+ 14. Ke1 Bxc3+ 15. bxc3 Nxd5 16. Rxd5 Nc5 17. Be7 Rfe8 18. Bxc5 bxc5 19. Nxe5 Bb7 20. Rxc5 Bxe4 21. f3 Bg6 22. Kf2 Rac8 23. Rxc8 Rxc8 24. Rc1 f6 25. Nxg6 hxg6 26. c4 Kf7 27. Ke3 Ke6 28. g3 Rc5 29. Kd4 Kd6 30. Re1 Re5 31. Rxe5 fxe5+ 32. Ke4 Kc5 33. Kxe5 Kxc4 34. f4 a5 35. g4 Kb4 36. Kd4 a4 37. h4 Ka3 38. Kc3 Kxa2 39. Kc2 a3 40. f5 Ka1 41. Kc1 a2 42. h5 gxf5 1-0

[Event "Montigny le Bretonneux op 17th"]
[Site "Montigny le Bretonneux"]
[Date "2013.05.18"]
[Round "1"]
[White "Duval, Sylvain"]
[Black "Hedjazian, Farhad"]
[Result "1/2-1/2"]
[WhiteElo "1972"]
[BlackElo "1653"]
[PlyCount "95"]
[EventDate "2013.05.18"]
[EventType "swiss"]
[EventRounds "9"]
[EventCountry "FRA"]
[SourceTitle "EXT 2014"]
[Source "ChessBase"]
[SourceDate "2013.11.20"]
[SourceVersion "1"]
[SourceVersionDate "2013.11.20"]
[SourceQuality "1"]

1. c4 e5 2. g3 Nf6 3. Bg2 d5 4. cxd5 Nxd5 5. Nc3 c6 6. d3 Bb4 7. Bd2 0-0 8. Nf3 Re8 9. 0-0 Nd7 10. a3 Nxc3 11. bxc3 Ba5 12. Qc2 Nf6 13. Bg5 h6 14. Bxf6 Qxf6 15. Nd2 Bf5 16. Rab1 Rab8 17. Rb2 b5 18. Ne4 Bxe4 19. Bxe4 Bb6 20. e3 a6 21. d4 c5 22. d5 Qd6 23. a4 b4 24. cxb4 cxb4 25. Qc6 Qxc6 26. dxc6 a5 27. Rc1 Bc7 28. Bf5 g6 29. Bd7 Red8 30. Kf1 Rb6 31. Rb3 Kf8 32. Ke2 Ke7 33. Rc5 Rdb8 34. Kd2 Bd6 35. Rxa5 Kd8 36. Kd3 f5 37. Kc4 Bc7 38. Rb5 Bd6 39. Rxb6 Rxb6 40. Rd3 Kc7 41. Kb3 g5 42. Rd5 f4 43. exf4 exf4 44. Rf5 fxg3 45. fxg3 Rb8 46. Rf3 g4 47. Rd3 Rf8 48. Bxg4 1/2-1/2

[Event "Montigny le Bretonneux Noel op 14th"]
[Site "Montigny le Bretonneux"]
[Date "2011.12.30"]
[Round "6.12"]
[White "Mongey, Alain"]
[Black "Hedjazian, Farhad"]
[Result "1/2-1/2"]
[WhiteElo "1704"]
[BlackElo "1661"]
[PlyCount "64"]
[EventDate "2011.12.26"]
[EventType "swiss"]
[EventRounds "7"]
[EventCountry "FRA"]
[SourceTitle "EXT 2014"]
[Source "ChessBase"]
[SourceDate "2013.11.20"]
[SourceVersion "1"]
[SourceVersionDate "2013.11.20"]
[SourceQuality "1"]

1. d4 d5 2. Nf3 e6 3. Bg5 Nf6 4. e3 Nbd7 5. c4 Bb4+ 6. Nc3 c6 7. a3 Bxc3+ 8. bxc3 Qa5 9. Qb3 Ne4 10. Qb4 Qxb4 11. cxb4 Nxg5 12. Nxg5 Nf6 13. c5 h6 14. Nf3 0-0 15. Bd3 b5 16. cxb6 axb6 17. 0-0 Nd7 18. Rfc1 Bb7 19. Nd2 Rfc8 20. Be2 Kf8 21. a4 Ke7 22. Nb3 Kd6 23. f4 c5 24. bxc5+ bxc5 25. Bb5 c4 26. Bxd7 Kxd7 27. Nc5+ Kc6 28. Rcb1 Rcb8 29. Rb4 Bc8 30. Rab1 Rxb4 31. Rxb4 Kc7 32. Kf2 Rb8 1/2-1/2

[Event "Montigny le Bretonneux Noel op 13th"]
[Site "Montigny le Bretonneux"]
[Date "2010.12.29"]
[Round "5"]
[White "Hurlot, Rodolphe"]
[Black "Hedjazian, Farhad"]
[Result "0-1"]
[WhiteElo "1759"]
[BlackElo "1669"]
[PlyCount "165"]
[EventDate "2010.12.26"]
[EventType "swiss"]
[EventRounds "7"]
[EventCountry "FRA"]
[SourceTitle "CBM 140 Extra"]
[Source "ChessBase"]
[SourceDate "2011.03.01"]
[SourceVersion "1"]
[SourceVersionDate "2011.03.01"]
[SourceQuality "1"]

1. Nf3 d5 2. g3 Nf6 3. Bg2 e6 4. 0-0 Be7 5. d3 c5 6. Nbd2 Nc6 7. c3 0-0 8. e4 e5 9. Re1 d4 10. Nc4 Bg4 11. a4 Qc7 12. Qc2 Bxf3 13. Bxf3 Rac8 14. Bg5 Nd7 15. Bd2 Nf6 16. Qd1 Rfd8 17. Qe2 Rb8 18. Bg2 a6 19. a5 Nd7 20. Bh3 b5 21. axb6 Nxb6 22. Nxb6 Rxb6 23. Ra2 Rdb8 24. Rb1 Qb7 25. Qg4 dxc3 26. Bxc3 Nd4 27. Bxd4 cxd4 28. Qd1 Qc6 29. Rc1 Qh6 30. Rc8+ Rxc8 31. Bxc8 Rc6 32. Qg4 Qc1+ 33. Kg2 Rxc8 34. Rxa6 Qc7 35. Qf5 Qb7 36. Ra5 Bf6 37. Ra7 Qc6 38. Qh5 g6 39. Qg4 Rc7 40. Ra5 Kg7 41. h4 h5 42. Qf3 Qe6 43. Qd1 Rb7 44. Qc2 Qb6 45. Ra8 Rb8 46. Ra4 Qxb2 47. Qc7 Qb7 48. Qd6 Rd8 49. Qa3 Be7 50. Qa2 Rd7 51. Ra5 Bd6 52. Ra6 Qb5 53. Ra5 Qb7 54. Qa4 f5 55. Kh2 fxe4 56. dxe4 Rf7 57. f3 Rc7 58. Qa2 d3 59. Qe6 Rc2+ 60. Kh3 Qc8 61. Qxc8 Rxc8 62. Rd5 Bb8 63. Rxd3 Kf6 64. Rb3 Ba7 65. Ra3 Bd4 66. Ra6+ Kf7 67. Ra3 Rc3 68. Rxc3 Bxc3 69. g4 Bd2 70. Kg3 Ke6 71. Kf2 Kd6 72. Ke2 Bf4 73. Kf2 Kc5 74. Kg2 Kd4 75. Kf2 hxg4 76. fxg4 Kxe4 77. Ke2 Bg3 78. h5 gxh5 79. gxh5 Bf4 80. Kf2 Kd3 81. Ke1 e4 82. Kf1 Kd2 83. Kf2 0-1

[Event "Montigny le Bretonneux-B 7th"]
[Site "Montigny le Bretonneux"]
[Date "2008.10.31"]
[Round "7"]
[White "Couradin, Jean Marie"]
[Black "Hedjazian, Farhad"]
[Result "1-0"]
[WhiteElo "1780"]
[BlackElo "1680"]
[PlyCount "125"]
[EventDate "2008.10.25"]
[EventType "tourn"]
[EventRounds "9"]
[EventCountry "FRA"]
[SourceTitle "EXT 2010"]
[Source "ChessBase"]
[SourceDate "2010.11.25"]
[SourceVersion "1"]
[SourceVersionDate "2010.11.25"]
[SourceQuality "1"]

1. c4 e5 2. Nc3 Nf6 3. Nf3 d6 4. g3 Be6 5. Bg2 Nc6 6. d3 Be7 7. 0-0 h6 8. a3 Qd7 9. b4 Bh3 10. b5 Nd4 11. e3 Bxg2 12. Kxg2 Ne6 13. e4 0-0 14. Nh4 Nd4 15. Be3 Ng4 16. Nf3 Nxf3 17. Qxf3 Nf6 18. a4 c6 19. h3 Nh7 20. Qe2 f5 21. exf5 Qxf5 22. f4 Bf6 23. g4 Qe6 24. f5 Qe7 25. Ne4 Bh4 26. Rf3 d5 27. Bc5 Qd7 28. Nd2 Rfe8 29. Rff1 Bf6 30. Rad1 Ng5 31. h4 Nf7 32. Kh3 b6 33. Bf2 Qe7 34. bxc6 Qd6 35. cxd5 Qxd5 36. Rc1 Rac8 37. Qe4 Red8 38. Rc3 Qa5 39. Qc4 e4 40. d4 Qd5 41. c7 Rd7 42. Qxd5 Rxd5 43. Nxe4 Nd6 44. Nxf6+ gxf6 45. Rc6 Kf7 46. Rfc1 Ne8 47. R1c2 Rd7 48. Bg3 Rxd4 49. R2c4 Rd3 50. h5 Ke7 51. Re6+ Kf7 52. Rec6 Rd5 53. Kg2 Rd2+ 54. Kf1 Rd5 55. Ke2 b5 56. Rb4 Rd7 57. Rxb5 Nxc7 58. Rb7 Re8+ 59. Kf1 Rd1+ 60. Kg2 Rd2+ 61. Bf2 Ree2 62. Rcxc7+ Ke8 63. Rb8+ 1-0

[Event "Montigny le Bretonneux-B 7th"]
[Site "Montigny le Bretonneux"]
[Date "2008.10.26"]
[Round "2"]
[White "Hedjazian, Farhad"]
[Black "Branson, James"]
[Result "1-0"]
[WhiteElo "1680"]
[BlackElo "1748"]
[PlyCount "53"]
[EventDate "2008.10.25"]
[EventType "tourn"]
[EventRounds "9"]
[EventCountry "FRA"]
[SourceTitle "EXT 2010"]
[Source "ChessBase"]
[SourceDate "2010.11.25"]
[SourceVersion "1"]
[SourceVersionDate "2010.11.25"]
[SourceQuality "1"]

1. d4 Nf6 2. Nf3 g6 3. c4 c5 4. Nc3 Bg7 5. e4 Qa5 6. Bd2 cxd4 7. Nxd4 Qb6 8. Nb3 d6 9. Be2 0-0 10. Be3 Qd8 11. Qc2 a6 12. Rd1 Qc7 13. 0-0 Nbd7 14. Nd4 b6 15. b3 Bb7 16. Nd5 Nxd5 17. cxd5 Bxd5 18. exd5 Qb7 19. Qc6 Qa7 20. Qc2 Qb7 21. Nc6 Rfe8 22. Bd4 Bf8 23. b4 Rac8 24. Qd3 b5 25. Rc1 e5 26. dxe6 Rxe6 27. Bf3 1-0

[Event "Montigny le Bretonneux Noel op 09th"]
[Site "Montigny le Bretonneux"]
[Date "2006.12.27"]
[Round "4"]
[White "Hedjazian, Farhad"]
[Black "Jean, Robert"]
[Result "1-0"]
[WhiteElo "1710"]
[BlackElo "1871"]
[PlyCount "93"]
[EventDate "2006.12.27"]
[EventType "swiss"]
[EventRounds "7"]
[EventCountry "FRA"]
[SourceTitle "CBM 116 Extra"]
[Source "ChessBase"]
[SourceDate "2007.03.07"]
[SourceVersion "1"]
[SourceVersionDate "2007.03.07"]
[SourceQuality "1"]

1. e4 c5 2. Nf3 d6 3. Bb5+ Bd7 4. Bxd7+ Nxd7 5. d4 cxd4 6. Nxd4 Ngf6 7. Nc3 a6 8. 0-0 e6 9. Be3 Be7 10. Qd2 0-0 11. Rad1 Qc7 12. Nde2 Rac8 13. f3 b5 14. a3 Ne5 15. Bf4 Nc4 16. Qc1 Nh5 17. Be3 Nxe3 18. Qxe3 Nf6 19. Kh1 Rfd8 20. Nd4 Nd7 21. f4 Nb6 22. Nce2 Bf6 23. Rf3 Nc4 24. Qc1 Qb7 25. b3 Nb6 26. Qe3 d5 27. e5 Be7 28. f5 exf5 29. Nxf5 Bxa3 30. Qg5 g6 31. Nh6+ Kg7 32. Rxf7+ Qxf7 33. Nxf7 Kxf7 34. Qf6+ Kg8 35. Qxb6 Rf8 36. Qe6+ Kh8 37. Qxd5 Rxc2 38. Qd3 Rcc8 39. e6 Be7 40. Ng3 Rfd8 41. Qe2 Rf8 42. Rf1 Rxf1+ 43. Nxf1 Rc1 44. g3 Rb1 45. Qd3 Rc1 46. Qd4+ Kg8 47. Qf4 1-0

[Event "Montigny le Bretonneux Noel op 09th"]
[Site "Montigny le Bretonneux"]
[Date "2006.12.27"]
[Round "3"]
[White "Massard, Theotime"]
[Black "Hedjazian, Farhad"]
[Result "0-1"]
[WhiteElo "1380"]
[BlackElo "1710"]
[PlyCount "100"]
[EventDate "2006.12.27"]
[EventType "swiss"]
[EventRounds "7"]
[EventCountry "FRA"]
[SourceTitle "CBM 116 Extra"]
[Source "ChessBase"]
[SourceDate "2007.03.07"]
[SourceVersion "1"]
[SourceVersionDate "2007.03.07"]
[SourceQuality "1"]

1. d4 d5 2. Bf4 e6 3. e3 Nf6 4. Bd3 Be7 5. Nf3 Nbd7 6. c3 c5 7. Nbd2 cxd4 8. exd4 b6 9. Qc2 Bb7 10. 0-0 Rc8 11. Ne5 Nh5 12. Nxd7 Qxd7 13. Be3 Bd6 14. Nf3 Nf4 15. Ne5 Bxe5 16. dxe5 Nxd3 17. Qxd3 0-0 18. Qd2 Qc6 19. f3 f5 20. Rac1 Qe8 21. f4 Qg6 22. Rf3 d4 23. Rg3 dxe3 24. Rxg6 exd2 25. Rd1 hxg6 26. Rxd2 Rfd8 27. Re2 Rd3 28. Kf2 Rcd8 29. Ke1 Rd1+ 30. Kf2 R1d2 31. Ke1 Rxe2+ 32. Kxe2 Bxg2 33. a3 Be4 34. h4 Rd3 35. Ke1 Rh3 36. Kd2 Rh2+ 37. Kc1 Rc2+ 38. Kb1 Rxc3+ 39. Ka2 Rf3 40. a4 a5 41. b3 Kf7 42. Kb2 Ke7 43. Ka2 Kd7 44. Kb2 Kc6 45. Ka2 Kc5 46. Ka3 Bd5 47. h5 gxh5 48. Kb2 Kb4 49. Ka2 Rf2+ 50. Ka1 Kxb3 0-1

[Event "Montigny le Bretonneux Noel op 07th"]
[Site "Montigny le Bretonneux"]
[Date "2004.12.31"]
[Round "7"]
[White "Gilles de la Londe, Jean Francois"]
[Black "Hedjazian, Farhad"]
[Result "1-0"]
[WhiteElo "1861"]
[BlackElo "1650"]
[PlyCount "165"]
[EventDate "2004.12.??"]
[EventType "swiss"]
[EventRounds "7"]
[EventCountry "FRA"]
[SourceTitle "EXT 2006"]
[Source "ChessBase"]
[SourceDate "2005.11.24"]
[SourceVersion "1"]
[SourceVersionDate "2005.11.24"]
[SourceQuality "1"]

1. d4 d5 2. c4 e6 3. Nc3 Nf6 4. Nf3 Be7 5. e3 Nbd7 6. Be2 dxc4 7. Bxc4 0-0 8. 0-0 c5 9. Qe2 cxd4 10. Nxd4 Nb6 11. Bb3 Nbd5 12. Nxd5 Nxd5 13. Rd1 Qc7 14. Bd2 Qe5 15. Rac1 Bd6 16. g3 Bd7 17. f4 Qf6 18. a3 Rac8 19. Qg2 Bc6 20. Nxc6 bxc6 21. Rc2 Rb8 22. Bxd5 cxd5 23. Bc3 Qg6 24. b4 Rfd8 25. Bd4 Ra8 26. Rdc1 a5 27. Bb6 axb4 28. Bxd8 Rxd8 29. axb4 Bxb4 30. Rc8 Qf6 31. Rxd8+ Qxd8 32. h4 h6 33. Qe2 Be7 34. Qc2 Qb6 35. Qc8+ Bf8 36. Kf2 Qb2+ 37. Qc2 Qb6 38. Kf3 Qb7 39. Kg4 f5+ 40. Kh3 Qf7 41. Qc8 Qg6 42. Kg2 Kf7 43. Qd7+ Be7 44. Rc7 Qf6 45. Rc8 Kg6 46. Qe8+ Qf7 47. h5+ Kf6 48. Qc6 Qxh5 49. Qc3+ Kf7 50. Qb2 Qg6 51. Rc7 h5 52. Kh2 Qf6 53. Qe2 Kg6 54. Rc1 Ba3 55. Rb1 Bc5 56. Kg2 Kh6 57. Rh1 Qg6 58. Rc1 Be7 59. Rc6 h4 60. Qf3 hxg3 61. Qxg3 Qxg3+ 62. Kxg3 Kh5 63. Rxe6 Bc5 64. Re5 Kg6 65. Kf3 Kf6 66. Rxd5 Be7 67. Rb5 g5 68. fxg5+ Kxg5 69. e4 Kf6 70. Rxf5+ Ke6 71. Rb5 Ba3 72. Ke3 Bc1+ 73. Kd4 Bf4 74. Rb6+ Kd7 75. Kd5 Be3 76. Rg6 Ke7 77. e5 Kf7 78. Rc6 Bg5 79. Rc7+ Ke8 80. Ke6 Kd8 81. Rg7 Bh4 82. Kd6 Ke8 83. e6 1-0

[Event "Montigny le Bretonneux Noel op 07th"]
[Site "Montigny le Bretonneux"]
[Date "2004.12.30"]
[Round "6"]
[White "Hedjazian, Farhad"]
[Black "Francois, Jean Claude"]
[Result "0-1"]
[WhiteElo "1650"]
[BlackElo "1939"]
[PlyCount "54"]
[EventDate "2004.12.??"]
[EventType "swiss"]
[EventRounds "7"]
[EventCountry "FRA"]
[SourceTitle "EXT 2006"]
[Source "ChessBase"]
[SourceDate "2005.11.24"]
[SourceVersion "1"]
[SourceVersionDate "2005.11.24"]
[SourceQuality "1"]

1. e4 e5 2. Nf3 Nc6 3. Bc4 d6 4. d3 Bg4 5. c3 a6 6. Bg5 Bxf3 7. Qxf3 Nf6 8. Bxf6 gxf6 9. b4 h5 10. Bd5 Bh6 11. Na3 Qd7 12. Nc2 Nd8 13. Ne3 Bxe3 14. Qxe3 c6 15. Bb3 Ne6 16. Rd1 h4 17. d4 Nf4 18. Rg1 0-0-0 19. d5 cxd5 20. Bxd5 Qc7 21. g3 Rhg8 22. Kf1 Nxd5 23. Rxd5 Qc4+ 24. Qd3 Qxa2 25. Rxd6 h3 26. Rd5 Qa1+ 27. Qd1 Qxd1+ 0-1

[Event "Montigny le Bretonneux Noel op 07th"]
[Site "Montigny le Bretonneux"]
[Date "2004.12.26"]
[Round "1"]
[White "Hedjazian, Farhad"]
[Black "Le Ray, Olivier"]
[Result "1/2-1/2"]
[WhiteElo "1650"]
[BlackElo "1996"]
[PlyCount "127"]
[EventDate "2004.12.??"]
[EventType "swiss"]
[EventRounds "7"]
[EventCountry "FRA"]
[SourceTitle "EXT 2006"]
[Source "ChessBase"]
[SourceDate "2005.11.24"]
[SourceVersion "1"]
[SourceVersionDate "2005.11.24"]
[SourceQuality "1"]

1. e4 e6 2. d4 d5 3. exd5 exd5 4. Nf3 Nf6 5. Nc3 Bg4 6. Bg5 Be7 7. Be2 0-0 8. 0-0 c6 9. Ne5 Bxe2 10. Qxe2 Ne4 11. Bxe7 Nxc3 12. Qd3 Qxe7 13. Qxc3 Na6 14. Rfe1 Qd6 15. a3 Nc7 16. Qh3 Ne6 17. c3 Rae8 18. Qg4 f6 19. Nf3 f5 20. Qh4 Rf6 21. Ne5 Ref8 22. f4 c5 23. Red1 cxd4 24. cxd4 Rc8 25. Qf2 Rc7 26. Rac1 Rf8 27. Rxc7 Nxc7 28. Rc1 Ne8 29. Qc2 Qb6 30. Nd7 Qxd4+ 31. Qf2 Qxf2+ 32. Kxf2 Rf7 33. Ne5 Rc7 34. Re1 Rc2+ 35. Re2 Rxe2+ 36. Kxe2 Nf6 37. Kd3 Kf8 38. Kd4 Ke7 39. Nd3 Kd6 40. b4 Ng4 41. h3 Nf6 42. Ne5 Ke6 43. g4 fxg4 44. hxg4 h5 45. f5+ Ke7 46. gxh5 Nxh5 47. Kxd5 Kf6 48. Kd6 Kxf5 49. Nd3 Nf4 50. Nf2 Ne6 51. a4 g5 52. b5 b6 53. Kc6 Ke5 54. Kb7 Nc5+ 55. Kxa7 Nxa4 56. Kb7 Kf4 57. Kc6 Kf3 58. Nh3 g4 59. Ng5+ Kf4 60. Ne6+ Ke5 61. Nf8 g3 62. Ng6+ Ke4 63. Nh4 Kd4 64. Nf5+ 1/2-1/2

[Event "Montigny le Bretonneux op"]
[Site "Montigny le Bretonneux"]
[Date "2004.05.22"]
[Round "6"]
[White "Hedjazian, Farhad"]
[Black "Le Gac, Michel"]
[Result "1-0"]
[WhiteElo "1650"]
[BlackElo "1340"]
[PlyCount "95"]
[EventDate "2004.05.20"]
[EventType "swiss"]
[EventRounds "9"]
[EventCountry "FRA"]
[SourceTitle "EXT 2007"]
[Source "ChessBase"]
[SourceDate "2006.11.23"]
[SourceVersion "1"]
[SourceVersionDate "2006.11.23"]
[SourceQuality "1"]

1. e4 e5 2. Nf3 Nc6 3. Bc4 Bc5 4. 0-0 Nf6 5. d3 0-0 6. c3 Re8 7. Bg5 Be7 8. Nbd2 a6 9. Qb3 Rf8 10. d4 exd4 11. cxd4 d6 12. h3 Rb8 13. Qc2 Bd7 14. a3 Qc8 15. e5 dxe5 16. dxe5 Bf5 17. Bd3 Bxd3 18. Qxd3 Rd8 19. Qe2 Nd5 20. Bxe7 Ndxe7 21. Rad1 Rd5 22. Rfe1 Qe6 23. Nc4 Rxd1 24. Rxd1 Rd8 25. Rxd8+ Nxd8 26. Ng5 Qd5 27. f4 Ne6 28. Nxe6 Qxe6 29. Qe4 Qd5 30. Qxd5 Nxd5 31. g3 b5 32. Nd2 Ne3 33. b3 Nc2 34. a4 Nd4 35. Kf2 Kf8 36. Ke3 Nc2+ 37. Ke4 Ke7 38. f5 Nb4 39. g4 Nc6 40. Kd5 Kd7 41. e6+ fxe6+ 42. fxe6+ Ke7 43. Kxc6 Kxe6 44. Kxc7 Ke5 45. Kb6 bxa4 46. bxa4 Kf4 47. Kxa6 Kg3 48. Kb6 1-0

[Event "Montigny le Bretonneux op"]
[Site "Montigny le Bretonneux"]
[Date "2004.05.20"]
[Round "1"]
[White "Benhamouda, Caroline"]
[Black "Hedjazian, Farhad"]
[Result "0-1"]
[WhiteElo "1060"]
[BlackElo "1650"]
[PlyCount "96"]
[EventDate "2004.05.20"]
[EventType "swiss"]
[EventRounds "9"]
[EventCountry "FRA"]
[SourceTitle "EXT 2007"]
[Source "ChessBase"]
[SourceDate "2006.11.23"]
[SourceVersion "1"]
[SourceVersionDate "2006.11.23"]
[SourceQuality "1"]

1. e4 e5 2. Nf3 Nc6 3. Bc4 Bc5 4. 0-0 Nf6 5. Nc3 0-0 6. d3 Na5 7. Bb3 c6 8. Bg5 d6 9. h3 Nxb3 10. axb3 b5 11. Bxf6 Qxf6 12. Ne2 Be6 13. Kh1 Qh6 14. Qc1 Qxc1 15. Nxc1 f5 16. Re1 Bxf2 17. Rf1 Be3 18. Ne2 fxe4 19. dxe4 Rf7 20. Nh2 Raf8 21. Rxf7 Rxf7 22. Rf1 Bf4 23. Nxf4 exf4 24. Ng4 Bxg4 25. hxg4 g5 26. b4 Re7 27. Re1 Kf7 28. Kh2 Kf6 29. g3 d5 30. gxf4 gxf4 31. b3 Rxe4 32. Rxe4 dxe4 33. Kg1 Kg5 34. c4 Kxg4 35. c5 e3 36. Kf1 Kg3 37. Ke1 f3 38. Kf1 e2+ 39. Ke1 Kg2 40. Kd2 Kf1 41. Ke3 f2 42. Kd2 e1Q+ 43. Kd3 Qe8 44. Kc3 Kg2 45. Kd3 f1R 46. Kd4 Rd1+ 47. Kc3 Qe3+ 48. Kc2 Qd2# 0-1

[Event "Montigny le Bretonneux Noel op 06th"]
[Site "Montigny le Bretonneux"]
[Date "2003.12.29"]
[Round "5"]
[White "Stover, Ralph"]
[Black "Hedjazian, Farhad"]
[Result "1-0"]
[WhiteElo "1960"]
[BlackElo "1490"]
[PlyCount "41"]
[EventDate "2003.12.26"]
[EventType "swiss"]
[EventRounds "6"]
[EventCountry "FRA"]
[SourceTitle "CBM 097 Extra"]
[Source "ChessBase"]
[SourceDate "2004.01.13"]
[SourceVersion "1"]
[SourceVersionDate "2004.01.13"]
[SourceQuality "1"]

1. e4 e5 2. Nf3 Nc6 3. Bb5 a6 4. Ba4 Nf6 5. 0-0 Bc5 6. c3 0-0 7. d4 exd4 8. cxd4 Ba7 9. e5 Nd5 10. Nc3 Nxc3 11. bxc3 Re8 12. Qd3 Ne7 13. Bg5 h6 14. Bc2 hxg5 15. Qh7+ Kf8 16. Qh8+ Ng8 17. Bh7 Ke7 18. Qxg7 Rf8 19. Nxg5 Qe8 20. Bxg8 Rxg8 21. Qf6+ 1-0

[Event "Montigny le Bretonneux op 7th"]
[Site "Montigny le Bretonneux"]
[Date "2003.05.01"]
[Round "2.14"]
[White "Hedjazian, Farhad"]
[Black "Boudin, Jean Luc"]
[Result "0-1"]
[WhiteElo "1510"]
[BlackElo "1790"]
[PlyCount "84"]
[EventDate "2003.05.??"]
[EventType "swiss"]
[EventRounds "9"]
[EventCountry "FRA"]
[SourceTitle "EXT 2004"]
[Source "ChessBase"]
[SourceDate "2003.11.25"]
[SourceVersion "1"]
[SourceVersionDate "2003.11.25"]
[SourceQuality "1"]

1. e4 c5 2. Nf3 e6 3. d4 cxd4 4. Nxd4 a6 5. Bc4 b5 6. Bb3 Bb7 7. Nc3 b4 8. Nce2 Bxe4 9. 0-0 Nf6 10. Bg5 Be7 11. Ng3 Bb7 12. Qd2 a5 13. Bc4 0-0 14. Nf3 d5 15. Bd3 Nbd7 16. Qf4 Nc5 17. Be2 Rc8 18. Ne5 Nfe4 19. Bxe7 Qxe7 20. Rfd1 Nxg3 21. Qxg3 f6 22. Nd3 Ne4 23. Qe3 Rxc2 24. f3 Ng5 25. h4 Nf7 26. Rac1 Rfc8 27. Qa7 Rxc1 28. Rxc1 Rxc1+ 29. Nxc1 Nd6 30. Qxa5 Nc4 31. Bxc4 dxc4 32. Qb5 Bd5 33. Ne2 Kf7 34. Nf4 Qd6 35. Nxd5 exd5 36. Qb7+ Kg6 37. Qc8 Qf4 38. Qe8+ Kh6 39. Qe1 Qd4+ 40. Kh2 Qe5+ 41. Qxe5 fxe5 42. Kg1 c3 0-1

[Event "Montigny le Bretonneux Noel op 05th"]
[Site "Montigny le Bretonneux"]
[Date "2002.12.26"]
[Round "1.14"]
[White "Hedjazian, Farhad"]
[Black "Roux, Jean Luc"]
[Result "0-1"]
[WhiteElo "1570"]
[BlackElo "1890"]
[PlyCount "108"]
[EventDate "2002.12.??"]
[EventType "swiss"]
[EventRounds "7"]
[EventCountry "FRA"]
[SourceTitle "EXT 2004"]
[Source "ChessBase"]
[SourceDate "2003.11.25"]
[SourceVersion "1"]
[SourceVersionDate "2003.11.25"]
[SourceQuality "1"]

1. e4 c5 2. Nf3 d6 3. d4 cxd4 4. Nxd4 Nf6 5. Bd3 Nc6 6. c3 g6 7. Bg5 Bg7 8. 0-0 0-0 9. Nd2 Bg4 10. N2f3 Qb6 11. Qb3 Qa5 12. Be3 Rab8 13. h3 Bd7 14. Qc2 a6 15. b4 Qc7 16. Rfe1 Rfc8 17. Rac1 b5 18. Qd2 Qd8 19. Bh6 Qf8 20. Bg5 h6 21. Bf4 g5 22. Bh2 g4 23. hxg4 Nxg4 24. Bg3 Nce5 25. Nxe5 Nxe5 26. Bb1 Nc4 27. Qc2 Na3 28. Qd3 Nxb1 29. Rxb1 Rc4 30. Nf5 Bxf5 31. exf5 Rxc3 32. Qe4 Bf6 33. Rbc1 Rbc8 34. Bf4 R3c4 35. Qb7 Rb8 36. Qf3 Rxb4 37. Qh3 Rxf4 38. Qg3+ Bg5 39. Re3 Rxf5 40. Rce1 Qg7 41. R3e2 Rc8 42. Qg4 Rfc5 43. Qe4 Rc1 44. f4 Rxe1+ 45. Rxe1 Bf6 46. Qb7 Rc4 47. Qxa6 Bd4+ 48. Kf1 Qg3 49. Qa8+ Kg7 50. Qf3 Qxf3+ 51. gxf3 Kf6 52. Re2 Rc1+ 53. Kg2 Rg1+ 54. Kh3 e6 0-1